000 00411nam a22001457a 4500
003 OSt
008 250903b |||||||| |||| 00| 0 eng d
041 _amal
082 _a320
_bJAL/SW
100 _aJaleel, K. T
_95370
245 _aSwargasthanaya Gandhiji /
_bസ്വര്‍ഗ്ഗസ്ഥനായ ഗാന്ധിജി
260 _aKannur :
_bKairali Books,
_c2024.
300 _a204 p.
942 _cBK
999 _c19512
_d19512